|
|
|
|
| LEADER |
01494nam a22003257a 4500 |
| 001 |
35186 |
| 003 |
BD-DhAAL |
| 005 |
20211115120017.0 |
| 008 |
190903r20181982ii a|||| |||| 001 0 eng d |
| 999 |
|
|
|c 40852
|d 40852
|
| 020 |
|
|
|a 9788121924962
|
| 040 |
|
|
|a BD-DhAAL
|
| 082 |
|
|
|a 621.3191
|2 22
|
| 100 |
|
|
|a Mehta, V. K.
|9 33835
|
| 245 |
|
|
|a Principles of power system :
|b including generation, transmission, distribution, switchgear and protection /
|c V.K. Mehta and Rohit Mehta.
|
| 250 |
|
|
|a Forth edition
|
| 260 |
|
|
|a India :
|b S Chand and Company Limited,
|c c1982 [reprint 2018]
|
| 300 |
|
|
|a xv, 608 pages :
|b color illustrations ;
|c 24 cm.
|
| 500 |
|
|
|a Multicolour illustrative edition.
Includes index.
|
| 526 |
|
|
|a EEE
|
| 541 |
|
|
|a Hye Trade International
|e 35186, 35187
|
| 650 |
|
|
|a Electric power systems
|9 33836
|
| 650 |
|
|
|a Electric engineering
|9 33837
|
| 650 |
|
|
|a Systems engineering
|9 33838
|
| 650 |
|
|
|a Electrical engineering
|9 42649
|
| 700 |
|
|
|a Mehta, Rohit
|9 33839
|
| 852 |
|
|
|a Ayesha Abed Library
|c General Stacks
|
| 942 |
|
|
|2 ddc
|c BK
|
| 952 |
|
|
|0 0
|1 0
|2 ddc
|4 0
|6 621_319100000000000_MEH
|7 0
|9 66020
|a BRACUL
|b BRACUL
|c GEN
|d 2019-08-21
|e Hye Trade International
|g 866.00
|l 22
|m 121
|o 621.3191 MEH
|p 3010035186
|r 2026-05-19
|s 2026-02-19
|t 1
|v 866.00
|w 2019-08-21
|y BK
|
| 952 |
|
|
|0 0
|1 0
|2 ddc
|4 0
|6 621_319100000000000_MEH
|7 0
|9 66021
|a BRACUL
|b BRACUL
|c GEN
|d 2019-08-21
|e Hye Trade International
|g 866.00
|l 17
|m 99
|o 621.3191 MEH
|p 3010035187
|q 2026-01-04
|r 2025-10-19
|s 2025-10-19
|t 2
|v 866.00
|w 2019-08-21
|y BK
|